[Event "2nd Easter 4NCL Congress"]
[Site "Daventry"]
[Date "2022.04.15"]
[Round "1"]
[Board "8"]
[White "Phan, Stefanus"]
[Black "Dignam, Matthew P"]
[Result "0-1"]
[WhiteElo "2038"]
[BlackElo "2314"]
[PlyCount "0"]
[EventDate "2022.04.15"]
[EventRounds "7"]
[EventCountry "ENG"]

1. c4 {[%clk 01:30:55]} {[%emt 00:00:04]} Nf6 {[%clk 01:30:27]} {[%emt
00:00:33]} 2. g3 {[%clk 01:30:57]} {[%emt 00:00:30]} g6 {[%clk 01:30:06]}
{[%emt 00:00:49]} 3. Bg2 {[%clk 01:31:18]} {[%emt 00:00:09]} Bg7 {[%clk
01:29:41]} {[%emt 00:00:54]} 4. Nc3 {[%clk 01:31:42]} {[%emt 00:00:08]} O-O
{[%clk 01:28:31]} {[%emt 00:01:39]} 5. e4 {[%clk 01:32:03]} {[%emt 00:00:11]}
e5 {[%clk 01:24:46]} {[%emt 00:04:13]} 6. Nge2 {[%clk 01:32:21]} {[%emt
00:00:13]} d6 {[%clk 01:17:15]} {[%emt 00:08:00]} 7. O-O {[%clk 01:32:31]}
{[%emt 00:00:20]} Be6 {[%clk 01:16:05]} {[%emt 00:01:40]} 8. d3 {[%clk
01:31:57]} {[%emt 00:01:05]} Qd7 {[%clk 01:14:39]} {[%emt 00:01:55]} 9. Bg5
{[%clk 01:26:44]} {[%emt 00:05:43]} h6 {[%clk 01:12:58]} {[%emt 00:02:11]} 10.
Be3 {[%clk 01:26:54]} {[%emt 00:00:21]} c6 {[%clk 01:09:57]} {[%emt 00:03:30]}
11. f3 {[%clk 01:24:47]} {[%emt 00:02:37]} Bh3 {[%clk 01:05:44]} {[%emt
00:04:43]} 12. d4 {[%clk 01:18:49]} {[%emt 00:06:29]} Bxg2 {[%clk 00:59:43]}
{[%emt 00:06:30]} 13. Kxg2 {[%clk 01:19:12]} {[%emt 00:00:06]} exd4 {[%clk
00:56:11]} {[%emt 00:04:03]} 14. Nxd4 {[%clk 01:17:08]} {[%emt 00:02:35]} Re8
{[%clk 00:53:46]} {[%emt 00:02:54]} 15. Qd2 {[%clk 01:15:39]} {[%emt 00:02:00]}
Kh7 {[%clk 00:53:03]} {[%emt 00:01:12]} 16. Nc2 {[%clk 01:08:25]} {[%emt
00:07:44]} Na6 {[%clk 00:43:43]} {[%emt 00:09:51]} 17. Rad1 {[%clk 01:03:31]}
{[%emt 00:05:23]} Rad8 {[%clk 00:30:01]} {[%emt 00:14:12]} 18. Bxa7 {[%clk
00:40:51]} {[%emt 00:23:11]} b5 {[%clk 00:29:32]} {[%emt 00:00:58]} 19. cxb5
{[%clk 00:40:42]} {[%emt 00:00:38]} Qxa7 {[%clk 00:29:28]} {[%emt 00:00:36]} 20.
bxa6 {[%clk 00:41:06]} {[%emt 00:00:06]} d5 {[%clk 00:28:17]} {[%emt 00:01:40]}
21. Rfe1 {[%clk 00:25:18]} {[%emt 00:16:19]} dxe4 {[%clk 00:24:50]} {[%emt
00:03:56]} 22. Qxd8 {[%clk 00:24:08]} {[%emt 00:01:41]} Rxd8 {[%clk 00:23:46]}
{[%emt 00:01:33]} 23. Rxd8 {[%clk 00:24:33]} {[%emt 00:00:06]} exf3+ {[%clk
00:20:27]} {[%emt 00:03:49]} 24. Kxf3 {[%clk 00:23:24]} {[%emt 00:01:38]} Qxa6
{[%clk 00:20:51]} {[%emt 00:00:06]} 25. Rd2 {[%clk 00:19:51]} {[%emt 00:04:03]}
h5 {[%clk 00:16:38]} {[%emt 00:04:43]} 26. h3 {[%clk 00:16:55]} {[%emt
00:03:26]} h4 {[%clk 00:14:49]} {[%emt 00:02:19]} 27. Ne3 {[%clk 00:15:07]}
{[%emt 00:02:18]} hxg3 {[%clk 00:14:59]} {[%emt 00:00:20]} 28. Ng4 {[%clk
00:15:19]} {[%emt 00:00:19]} Nh5 {[%clk 00:14:27]} {[%emt 00:01:02]} 29. Ne4
{[%clk 00:15:35]} {[%emt 00:00:14]} Qa5 {[%clk 00:13:53]} {[%emt 00:01:03]} 30.
b4 {[%clk 00:11:44]} {[%emt 00:04:21]} Qf5+ {[%clk 00:12:28]} {[%emt 00:01:55]}
31. Kg2 {[%clk 00:11:54]} {[%emt 00:00:20]} Bh6 {[%clk 00:08:08]} {[%emt
00:04:49]} 32. Nxh6 {[%clk 00:12:04]} {[%emt 00:00:21]} Kxh6 {[%clk 00:08:13]}
{[%emt 00:00:25]} 33. Nd6 {[%clk 00:10:45]} {[%emt 00:01:50]} Qf4 {[%clk
00:05:49]} {[%emt 00:02:42]} 34. Ree2 {[%clk 00:10:22]} {[%emt 00:01:04]} Qxb4
{[%clk 00:04:32]} {[%emt 00:01:46]} 35. Nxf7+ {[%clk 00:07:15]} {[%emt
00:03:36]} Kg7 {[%clk 00:04:58]} {[%emt 00:00:06]} 36. Ne5 {[%clk 00:05:51]}
{[%emt 00:01:54]} Nf4+ {[%clk 00:05:09]} {[%emt 00:00:19]} 37. Kxg3 {[%clk
00:06:16]} {[%emt 00:00:05]} Nxe2+ {[%clk 00:04:43]} {[%emt 00:00:56]} 38. Rxe2
{[%clk 00:06:41]} {[%emt 00:00:05]} c5 {[%clk 00:04:41]} {[%emt 00:00:33]} 39.
Rc2 {[%clk 00:03:17]} {[%emt 00:03:53]} Qe1+ {[%clk 00:04:33]} {[%emt
00:00:38]} 40. Kf4 {[%clk 00:03:43]} {[%emt 00:00:05]} g5+ {[%clk 00:04:45]}
{[%emt 00:00:18]}  0-1

[Event "2nd Easter 4NCL Congress"]
[Site "Daventry"]
[Date "2022.04.15"]
[Round "1"]
[Board "9"]
[White "Bin-Suhayl, Ieysaa"]
[Black "Gomez, Daniel"]
[Result "1-0"]
[WhiteElo "2309"]
[BlackElo "2025"]
[PlyCount "0"]
[EventDate "2022.04.15"]
[EventRounds "7"]
[EventCountry "ENG"]

1. Nf3 {[%clk 01:30:21]} {[%emt 00:00:39]} d5 {[%clk 01:30:05]} {[%emt
00:00:55]} 2. d4 {[%clk 01:30:31]} {[%emt 00:00:20]} Nf6 {[%clk 01:30:15]}
{[%emt 00:00:20]} 3. c4 {[%clk 01:30:54]} {[%emt 00:00:07]} e6 {[%clk
01:29:59]} {[%emt 00:00:47]} 4. g3 {[%clk 01:31:08]} {[%emt 00:00:16]} dxc4
{[%clk 01:30:00]} {[%emt 00:00:29]} 5. Bg2 {[%clk 01:30:20]} {[%emt 00:01:18]}
c6 {[%clk 01:30:23]} {[%emt 00:00:07]} 6. O-O {[%clk 01:29:57]} {[%emt
00:00:52]} b5 {[%clk 01:30:36]} {[%emt 00:00:18]} 7. Ne5 {[%clk 01:23:31]}
{[%emt 00:06:56]} Bb7 {[%clk 01:30:02]} {[%emt 00:01:04]} 8. b3 {[%emt
00:01:56]} cxb3 {[%clk 01:28:41]} 9. axb3 {[%clk 01:24:19]} {[%emt 00:00:07]}
Be7 {[%clk 01:22:34]} {[%emt 00:06:35]} 10. Bb2 {[%clk 01:22:45]} {[%emt
00:02:05]} O-O {[%clk 01:22:09]} {[%emt 00:00:55]} 11. Qc2 {[%clk 01:22:39]}
{[%emt 00:00:36]} Qc7 {[%clk 01:10:53]} {[%emt 00:11:45]} 12. Rc1 {[%clk
01:20:27]} {[%emt 00:02:42]} Rc8 {[%clk 01:07:34]} {[%emt 00:03:49]} 13. Nd2
{[%clk 01:15:01]} {[%emt 00:05:57]} a5 {[%clk 00:51:19]} {[%emt 00:16:45]} 14.
Ndf3 {[%clk 01:01:06]} {[%emt 00:14:25]} h6 {[%clk 00:44:10]} {[%emt 00:07:40]}
15. Bh3 {[%clk 01:00:24]} {[%emt 00:01:11]} Qb6 {[%clk 00:26:08]} {[%emt
00:18:32]} 16. Nxf7 {[%clk 00:56:47]} {[%emt 00:04:07]} c5 {[%clk 00:19:58]}
{[%emt 00:06:41]} 17. Nxh6+ {[%clk 00:54:48]} {[%emt 00:02:28]} gxh6 {[%clk
00:20:03]} {[%emt 00:00:24]} 18. Qg6+ {[%clk 00:55:13]} {[%emt 00:00:06]} Kh8
{[%clk 00:18:14]} {[%emt 00:02:19]} 19. dxc5 {[%clk 00:55:19]} {[%emt
00:00:24]} Qd8 {[%clk 00:18:24]} {[%emt 00:00:20]} 20. Qxh6+ {[%clk 00:55:35]}
{[%emt 00:00:14]} Kg8 {[%clk 00:18:45]} {[%emt 00:00:09]} 21. Bxe6# {[%clk
00:56:01]} {[%emt 00:00:04]}  1-0

[Event "2nd Easter 4NCL Congress"]
[Site "Daventry"]
[Date "2022.04.15"]
[Round "1"]
[Board "10"]
[White "Gregory, Keith Df"]
[Black "Okhai, Shabir"]
[Result "0-1"]
[WhiteElo "2008"]
[BlackElo "2267"]
[PlyCount "0"]
[EventDate "2022.04.15"]
[EventRounds "7"]
[EventCountry "ENG"]

1. Nf3 {[%clk 01:30:58]} {[%emt 00:00:01]} Nf6 {[%clk 01:30:55]} {[%emt
00:00:05]} 2. g3 {[%clk 01:31:21]} {[%emt 00:00:07]} g6 {[%clk 01:31:20]}
{[%emt 00:00:05]} 3. Bg2 {[%clk 01:31:44]} {[%emt 00:00:06]} Bg7 {[%clk
01:31:47]} {[%emt 00:00:04]} 4. O-O {[%clk 01:32:02]} {[%emt 00:00:12]} O-O
{[%clk 01:32:12]} {[%emt 00:00:05]} 5. c4 {[%clk 01:32:26]} {[%emt 00:00:05]}
c5 {[%clk 01:32:39]} {[%emt 00:00:04]} 6. Nc3 {[%clk 01:32:43]} {[%emt
00:00:13]} d5 {[%clk 01:33:04]} {[%emt 00:00:05]} 7. cxd5 {[%clk 01:32:46]}
{[%emt 00:00:27]} Nxd5 {[%clk 01:33:28]} {[%emt 00:00:06]} 8. d4 {[%clk
01:31:30]} {[%emt 00:01:45]} Nc6 {[%clk 01:28:51]} {[%emt 00:05:08]} 9. Nxd5
{[%clk 01:28:04]} {[%emt 00:03:56]} Qxd5 {[%clk 01:28:57]} {[%emt 00:00:24]} 10.
Ne5 {[%clk 01:26:28]} {[%emt 00:02:06]} Qxd4 {[%clk 01:27:06]} {[%emt
00:02:21]} 11. Nxc6 {[%clk 01:25:59]} {[%emt 00:00:59]} bxc6 {[%clk 01:27:12]}
{[%emt 00:00:23]} 12. Bxc6 {[%clk 01:14:51]} {[%emt 00:11:38]} Rb8 {[%clk
01:26:42]} {[%emt 00:01:00]} 13. Bf3 {[%clk 01:12:04]} {[%emt 00:03:17]} Bh3
{[%clk 01:17:49]} {[%emt 00:09:24]} 14. e3 {[%clk 01:08:01]} {[%emt 00:04:33]}
Qc4 {[%clk 01:11:42]} {[%emt 00:06:37]} 15. Re1 {[%clk 01:06:07]} {[%emt
00:02:23]} Rfd8 {[%clk 01:06:51]} {[%emt 00:05:21]} 16. Qe2 {[%clk 01:05:55]}
{[%emt 00:00:42]} Qxe2 {[%clk 01:04:53]} {[%emt 00:02:29]} 17. Bxe2 {[%clk
01:06:19]} {[%emt 00:00:06]} Bxb2 {[%clk 01:00:36]} {[%emt 00:04:47]} 18. Rb1
{[%clk 01:06:04]} {[%emt 00:00:45]} Bxc1 {[%clk 00:55:59]} {[%emt 00:05:07]} 19.
Rxb8 {[%clk 01:05:17]} {[%emt 00:01:17]} Rxb8 {[%clk 00:56:17]} {[%emt
00:00:13]} 20. Rxc1 {[%clk 01:05:42]} {[%emt 00:00:04]} Rb2 {[%clk 00:54:47]}
{[%emt 00:02:00]} 21. Bf1 {[%clk 01:05:46]} {[%emt 00:00:26]} Be6 {[%clk
00:53:55]} {[%emt 00:01:21]} 22. Bc4 {[%clk 01:06:09]} {[%emt 00:00:07]} Bf5
{[%clk 00:51:06]} {[%emt 00:03:19]} 23. Kf1 {[%clk 01:05:02]} {[%emt 00:01:38]}
Kf8 {[%clk 00:49:29]} {[%emt 00:02:07]} 24. Bb3 {[%clk 01:02:24]} {[%emt
00:03:07]} Rb1 {[%clk 00:43:44]} {[%emt 00:06:19]} 25. Rxb1 {[%clk 01:02:39]}
{[%emt 00:00:11]} Bxb1 {[%clk 00:44:13]} {[%emt 00:00:02]} 26. Ke2 {[%clk
01:02:41]} {[%emt 00:00:26]} Be4 {[%clk 00:38:09]} {[%emt 00:06:35]} 27. Kd2
{[%clk 01:01:46]} {[%emt 00:01:26]} e6 {[%clk 00:38:01]} {[%emt 00:00:38]} 28.
Kc3 {[%clk 01:02:08]} {[%emt 00:00:06]} Ke7 {[%clk 00:37:35]} {[%emt 00:00:58]}
29. a3 {[%clk 01:02:26]} {[%emt 00:00:11]} g5 {[%clk 00:36:09]} {[%emt
00:01:56]} 30. Bd1 {[%clk 01:00:30]} {[%emt 00:02:25]} Kd6 {[%clk 00:35:21]}
{[%emt 00:01:20]} 31. Be2 {[%clk 00:59:38]} {[%emt 00:01:22]} Bb7 {[%clk
00:35:27]} {[%emt 00:00:24]} 32. Bd3 {[%clk 00:59:23]} {[%emt 00:00:45]} h6
{[%clk 00:35:50]} {[%emt 00:00:07]} 33. Bc2 {[%clk 00:57:59]} {[%emt 00:01:53]}
Ba6 {[%clk 00:36:04]} {[%emt 00:00:16]} 34. Bb1 {[%clk 00:58:11]} {[%emt
00:00:19]} f6 {[%clk 00:35:47]} {[%emt 00:00:47]} 35. Bc2 {[%clk 00:58:34]}
{[%emt 00:00:07]} Bf1 {[%clk 00:34:27]} {[%emt 00:01:50]} 36. Be4 {[%clk
00:58:03]} {[%emt 00:01:02]} Bh3 {[%clk 00:32:28]} {[%emt 00:02:28]} 37. Bb7
{[%clk 00:57:43]} {[%emt 00:00:51]} h5 {[%clk 00:32:18]} {[%emt 00:00:39]} 38.
Ba8 {[%clk 00:57:51]} {[%emt 00:00:21]} h4 {[%clk 00:32:42]} {[%emt 00:00:07]}
39. Bb7 {[%clk 00:58:05]} {[%emt 00:00:16]} Bf1 {[%clk 00:33:00]} {[%emt
00:00:13]} 40. Ba8 {[%clk 00:57:44]} {[%emt 00:00:50]} Bb5 {[%clk 00:33:20]}
{[%emt 00:00:11]} 41. Be4 {[%clk 00:58:03]} {[%emt 00:00:10]} Bc6 {[%clk
00:31:47]} {[%emt 00:02:04]} 42. Bc2 {[%clk 00:57:39]} {[%emt 00:00:53]} Bd5
{[%clk 00:32:00]} {[%emt 00:00:19]} 43. Bd3 {[%clk 00:57:41]} {[%emt 00:00:26]}
Ke5 {[%emt 00:06:59]} 44. f4+ {[%clk 00:52:43]} Kd6 {[%clk 00:31:10]} {[%emt
00:00:19]} 45. Bb5 {[%clk 00:51:45]} {[%emt 00:01:29]} hxg3 {[%clk 00:31:03]}
{[%emt 00:00:37]} 46. hxg3 {[%clk 00:52:06]} {[%emt 00:00:09]} e5 {[%clk
00:29:09]} {[%emt 00:02:24]} 47. Be2 {[%clk 00:51:43]} {[%emt 00:00:52]} Bb7
{[%clk 00:28:10]} {[%emt 00:01:29]} 48. Bc4 {[%clk 00:51:55]} {[%emt 00:00:18]}
Bc8 {[%clk 00:27:37]} {[%emt 00:01:04]} 49. Be2 {[%clk 00:51:47]} {[%emt
00:00:37]} Kc6 {[%clk 00:27:23]} {[%emt 00:00:45]} 50. Bc4 {[%clk 00:51:34]}
{[%emt 00:00:42]} Kb6 {[%clk 00:27:20]} {[%emt 00:00:34]} 51. Bb3 {[%clk
00:51:28]} {[%emt 00:00:35]} Ba6 {[%clk 00:27:37]} {[%emt 00:00:13]} 52. Bd1
{[%clk 00:51:40]} {[%emt 00:00:17]} Kc6 {[%clk 00:27:43]} {[%emt 00:00:26]} 53.
Bf3+ {[%clk 00:51:56]} {[%emt 00:00:13]} Kd6 {[%clk 00:28:07]} {[%emt
00:00:07]} 54. Be4 {[%clk 00:52:10]} {[%emt 00:00:16]} Ke6 {[%clk 00:27:34]}
{[%emt 00:01:03]} 55. Kd2 {[%clk 00:52:17]} {[%emt 00:00:22]} Bc4 {[%clk
00:25:58]} {[%emt 00:02:06]} 56. Kc3 {[%clk 00:52:03]} {[%emt 00:00:44]} Be2
{[%clk 00:24:11]} {[%emt 00:02:17]} 57. Kd2 {[%clk 00:51:45]} {[%emt 00:00:49]}
Bg4 {[%clk 00:24:23]} {[%emt 00:00:18]} 58. Kc3 {[%clk 00:51:59]} {[%emt
00:00:16]} Bf5 {[%clk 00:24:26]} {[%emt 00:00:26]} 59. Bb7 {[%clk 00:51:52]}
{[%emt 00:00:36]} Kd6 {[%clk 00:24:51]} {[%emt 00:00:07]} 60. Ba6 {[%clk
00:50:54]} {[%emt 00:01:29]} Be4 {[%clk 00:24:39]} {[%emt 00:00:41]} 61. Bc8
{[%clk 00:50:45]} {[%emt 00:00:37]} Bc6 {[%clk 00:24:53]} {[%emt 00:00:18]} 62.
Bg4 {[%clk 00:50:57]} {[%emt 00:00:18]} Bg2 {[%clk 00:23:45]} {[%emt 00:01:38]}
63. Bc8 {[%clk 00:51:10]} {[%emt 00:00:16]} Bf1 {[%clk 00:23:48]} {[%emt
00:00:27]} 64. Bb7 {[%clk 00:51:17]} {[%emt 00:00:24]} Bb5 {[%clk 00:23:10]}
{[%emt 00:01:08]} 65. Bf3 {[%clk 00:50:50]} {[%emt 00:00:57]} Ke6 {[%clk
00:21:40]} {[%emt 00:02:00]} 66. Bg4+ {[%clk 00:51:09]} {[%emt 00:00:10]} Kf7
{[%clk 00:21:33]} {[%emt 00:00:38]} 67. Bh5+ {[%clk 00:50:04]} {[%emt
00:01:35]} Kg7 {[%clk 00:21:55]} {[%emt 00:00:08]} 68. fxe5 {[%clk 00:49:52]}
{[%emt 00:00:41]} fxe5 {[%clk 00:22:19]} {[%emt 00:00:07]} 69. Bg4 {[%clk
00:49:55]} {[%emt 00:00:27]} Kg6 {[%clk 00:22:25]} {[%emt 00:00:23]} 70. Bc8
{[%clk 00:48:09]} {[%emt 00:02:15]} Be2 {[%clk 00:22:30]} {[%emt 00:00:26]} 71.
Bd7 {[%clk 00:47:48]} {[%emt 00:00:52]} Kh5 {[%clk 00:21:33]} {[%emt 00:01:27]}
72. Be6 {[%clk 00:48:04]} {[%emt 00:00:14]} Bb5 {[%clk 00:21:36]} {[%emt
00:00:27]} 73. Bf5 {[%clk 00:48:08]} {[%emt 00:00:26]} Kh6 {[%clk 00:21:48]}
{[%emt 00:00:18]} 74. Be6 {[%clk 00:47:14]} {[%emt 00:01:24]} Kg6 {[%clk
00:22:07]} {[%emt 00:00:11]} 75. Bg4 {[%clk 00:47:29]} {[%emt 00:00:14]} Kf6
{[%clk 00:22:22]} {[%emt 00:00:16]} 76. Bh3 {[%clk 00:47:48]} {[%emt 00:00:11]}
Ke7 {[%clk 00:22:09]} {[%emt 00:00:43]} 77. Bf5 {[%clk 00:47:52]} {[%emt
00:00:25]} Kd6 {[%clk 00:22:17]} {[%emt 00:00:22]} 78. Bg4 {[%clk 00:47:51]}
{[%emt 00:00:32]} Be8 {[%clk 00:22:18]} {[%emt 00:00:29]} 79. Bf3 {[%clk
00:47:44]} {[%emt 00:00:37]} Bf7 {[%clk 00:22:32]} {[%emt 00:00:14]} 80. Bg4
{[%clk 00:48:01]} {[%emt 00:00:14]} Ke7 {[%clk 00:20:46]} {[%emt 00:02:17]} 81.
Bf5 {[%clk 00:48:07]} {[%emt 00:00:23]} Kf6 {[%clk 00:21:11]} {[%emt 00:00:06]}
82. Be4 {[%clk 00:47:00]} {[%emt 00:01:37]} Be6 {[%clk 00:20:50]} {[%emt
00:00:52]} 83. Bd3 {[%clk 00:46:43]} {[%emt 00:00:46]} Bf5 {[%clk 00:20:12]}
{[%emt 00:01:07]} 84. Ba6 {[%clk 00:46:39]} {[%emt 00:00:33]} Kg6 {[%clk
00:19:30]} {[%emt 00:01:14]} 85. Be2 {[%clk 00:44:12]} {[%emt 00:02:57]} Be6
{[%clk 00:19:42]} {[%emt 00:00:18]} 86. Bd3+ {[%clk 00:44:37]} {[%emt
00:00:05]} Kh5 {[%clk 00:19:42]} {[%emt 00:00:30]} 87. Be2+ {[%clk 00:45:05]}
{[%emt 00:00:02]} Bg4 {[%clk 00:18:11]} {[%emt 00:02:02]} 88. Bd3 {[%clk
00:45:22]} {[%emt 00:00:12]} Bf3 {[%clk 00:18:05]} {[%emt 00:00:37]} 89. Bf5
{[%clk 00:45:48]} {[%emt 00:00:02]} Bd5 {[%clk 00:18:07]} {[%emt 00:00:28]} 90.
Bd7 {[%clk 00:46:06]} {[%emt 00:00:12]} Kg6 {[%clk 00:18:25]} {[%emt 00:00:12]}
91. Bg4 {[%clk 00:46:22]} {[%emt 00:00:15]} Kf6 {[%clk 00:18:45]} {[%emt
00:00:10]} 92. Bh3 {[%clk 00:45:53]} {[%emt 00:00:59]} Ke7 {[%clk 00:16:59]}
{[%emt 00:02:16]} 93. Bf5 {[%clk 00:46:15]} {[%emt 00:00:08]} Bf3 {[%clk
00:17:14]} {[%emt 00:00:15]} 94. Bh3 {[%clk 00:45:54]} {[%emt 00:00:51]} Kd6
{[%clk 00:17:33]} {[%emt 00:00:11]} 95. Bf5 {[%clk 00:46:11]} {[%emt 00:00:14]}
Kd5 {[%clk 00:17:15]} {[%emt 00:00:48]} 96. Bc2 {[%clk 00:46:12]} {[%emt
00:00:29]} Be2 {[%clk 00:16:48]} {[%emt 00:00:56]}  0-1

[Event "2nd Easter 4NCL Congress"]
[Site "Daventry"]
[Date "2022.04.15"]
[Round "1"]
[Board "12"]
[White "Nelson, Omowale A"]
[Black "Burrows, Martin P"]
[Result "1/2-1/2"]
[WhiteElo "2000"]
[BlackElo "2214"]
[PlyCount "0"]
[EventDate "2022.04.15"]
[EventRounds "7"]
[EventCountry "ENG"]

1. d4 {[%clk 01:23:34]} {[%emt 00:07:25]} Nf6 {[%clk 01:30:35]} {[%emt
00:00:26]} 2. c4 {[%clk 01:23:53]} {[%emt 00:00:11]} e6 {[%clk 01:30:57]}
{[%emt 00:00:09]} 3. g3 {[%clk 01:24:06]} {[%emt 00:00:16]} d5 {[%clk
01:31:12]} {[%emt 00:00:15]} 4. Nf3 {[%clk 01:24:23]} {[%emt 00:00:13]} Be7
{[%clk 01:31:22]} {[%emt 00:00:20]} 5. Bg2 {[%clk 01:24:45]} {[%emt 00:00:07]}
O-O {[%clk 01:31:42]} {[%emt 00:00:10]} 6. O-O {[%clk 01:25:06]} {[%emt
00:00:09]} dxc4 {[%clk 01:31:43]} {[%emt 00:00:30]} 7. Qc2 {[%clk 01:25:23]}
{[%emt 00:00:13]} a6 {[%clk 01:31:30]} {[%emt 00:00:43]} 8. a4 {[%clk
01:25:42]} {[%emt 00:00:11]} Bd7 {[%clk 01:30:53]} {[%emt 00:01:07]} 9. Qxc4
{[%clk 01:25:52]} {[%emt 00:00:20]} Bc6 {[%clk 01:30:22]} {[%emt 00:01:01]} 10.
Bf4 {[%clk 01:22:37]} {[%emt 00:03:44]} Bd6 {[%clk 01:29:16]} {[%emt 00:01:37]}
11. Bg5 {[%clk 01:20:47]} {[%emt 00:02:20]} Nbd7 {[%clk 01:26:42]} {[%emt
00:03:04]} 12. Nc3 {[%clk 01:16:56]} {[%emt 00:04:20]} h6 {[%clk 01:26:22]}
{[%emt 00:00:51]} 13. Bd2 {[%clk 01:16:49]} {[%emt 00:00:37]} Ne4 {[%clk
01:22:01]} {[%emt 00:04:50]} 14. Nxe4 {[%clk 01:11:16]} {[%emt 00:06:04]} Bxe4
{[%clk 01:22:07]} {[%emt 00:00:24]} 15. Rfd1 {[%clk 01:10:56]} {[%emt
00:00:49]} Rc8 {[%clk 01:19:23]} {[%emt 00:03:15]} 16. Rac1 {[%clk 01:06:39]}
{[%emt 00:04:47]} Qe7 {[%clk 01:18:32]} {[%emt 00:01:21]} 17. b4 {[%clk
01:03:03]} {[%emt 00:04:06]} Nb6 {[%clk 01:12:53]} {[%emt 00:06:10]} 18. Qb3
{[%clk 00:54:21]} {[%emt 00:09:11]} Bd5 {[%clk 01:10:08]} {[%emt 00:03:15]} 19.
Qa3 {[%clk 00:49:56]} {[%emt 00:04:56]} Nc4 {[%clk 01:01:55]} {[%emt 00:08:43]}
20. Qc3 {[%clk 00:37:12]} {[%emt 00:13:14]} Nxd2 {[%clk 01:01:12]} {[%emt
00:01:12]} 21. Nxd2 {[%clk 00:37:23]} {[%emt 00:00:19]} Bxb4 {[%clk 01:00:27]}
{[%emt 00:01:16]} 22. Qd3 {[%clk 00:37:36]} {[%emt 00:00:15]} Bxg2 {[%clk
00:56:29]} {[%emt 00:04:29]} 23. Kxg2 {[%clk 00:38:03]} {[%emt 00:00:03]} Rfd8
{[%clk 00:56:41]} {[%emt 00:00:18]} 24. Nc4 {[%clk 00:33:18]} {[%emt 00:05:16]}
c5 {[%clk 00:49:39]} {[%emt 00:07:31]} 25. Qe4 {[%clk 00:31:39]} {[%emt
00:02:09]} cxd4 {[%clk 00:48:10]} {[%emt 00:02:00]} 26. Ne5 {[%clk 00:27:57]}
{[%emt 00:04:11]} Rxc1 {[%clk 00:38:15]} {[%emt 00:10:25]} 27. Rxc1 {[%clk
00:28:13]} {[%emt 00:00:14]} a5 {[%clk 00:38:04]} {[%emt 00:00:42]} 28. Rc4
{[%clk 00:22:46]} {[%emt 00:05:56]} Qd6 {[%clk 00:34:53]} {[%emt 00:03:41]} 29.
f4 {[%clk 00:21:44]} {[%emt 00:01:32]} f6 {[%clk 00:28:14]} {[%emt 00:07:10]}
30. Nd3 {[%clk 00:16:52]} {[%emt 00:05:23]} Qd5 {[%clk 00:20:05]} {[%emt
00:08:38]} 31. Qxd5 {[%clk 00:16:44]} {[%emt 00:00:38]} exd5 {[%clk 00:19:56]}
{[%emt 00:00:39]} 32. Rc7 {[%clk 00:15:22]} {[%emt 00:01:51]} Re8 {[%clk
00:18:32]} {[%emt 00:01:55]} 33. Kf2 {[%clk 00:15:05]} {[%emt 00:00:46]} Re7
{[%clk 00:18:17]} {[%emt 00:00:46]} 34. Rc8+ {[%clk 00:15:26]} {[%emt
00:00:09]} Kf7 {[%clk 00:18:28]} {[%emt 00:00:18]} 35. f5 {[%clk 00:12:38]}
{[%emt 00:03:19]} b5 {[%clk 00:12:16]} {[%emt 00:06:42]} 36. axb5 {[%clk
00:12:31]} {[%emt 00:00:38]} Rb7 {[%clk 00:12:22]} {[%emt 00:00:25]} 37. b6
{[%clk 00:11:47]} {[%emt 00:01:12]} Rxb6 {[%clk 00:07:35]} {[%emt 00:05:17]} 38.
Rc7+ {[%clk 00:12:00]} {[%emt 00:00:17]} Kf8 {[%clk 00:07:36]} {[%emt
00:00:28]} 39. Nf4 {[%clk 00:11:51]} {[%emt 00:00:40]} Rb8 {[%clk 00:05:20]}
{[%emt 00:02:46]} 40. Ne6+ {[%clk 00:11:40]} {[%emt 00:00:40]} Kg8 {[%clk
00:05:17]} {[%emt 00:00:34]} 41. Rxg7+ {[%clk 00:10:51]} {[%emt 00:01:20]} Kh8
{[%clk 00:05:45]} {[%emt 00:00:01]} 42. Rg6 {[%clk 00:06:47]} {[%emt 00:04:33]}
Kh7 {[%clk 00:05:41]} {[%emt 00:00:34]} 43. Rxf6 {[%clk 00:05:11]} {[%emt
00:02:07]} a4 {[%clk 00:05:45]} {[%emt 00:00:27]} 44. Rf7+ {[%clk 00:04:28]}
{[%emt 00:01:12]} Kh8 {[%clk 00:05:51]} {[%emt 00:00:24]} 45. Ra7 {[%clk
00:03:11]} {[%emt 00:01:48]} a3 {[%clk 00:06:13]} {[%emt 00:00:07]} 46. Kf3
{[%clk 00:03:30]} {[%emt 00:00:11]} Rg8 {[%clk 00:03:46]} {[%emt 00:02:58]} 47.
Kf4 {[%clk 00:02:55]} {[%emt 00:01:04]} Bd6+ {[%clk 00:04:03]} {[%emt
00:00:14]} 48. Kf3 {[%clk 00:03:13]} {[%emt 00:00:11]} Bb4 {[%clk 00:02:56]}
{[%emt 00:01:37]} 49. Ra4 {[%clk 00:02:52]} {[%emt 00:00:50]} Bd6 {[%clk
00:02:52]} {[%emt 00:00:35]} 50. Ra6 {[%clk 00:03:01]} {[%emt 00:00:22]} Bb4
{[%clk 00:02:49]} {[%emt 00:00:33]} 51. Nxd4 {[%clk 00:03:18]} {[%emt
00:00:13]} Kg7 {[%clk 00:02:18]} {[%emt 00:01:01]} 52. Kf4 {[%clk 00:02:34]}
{[%emt 00:01:13]} Rc8 {[%clk 00:01:41]} {[%emt 00:01:06]} 53. Nb5 {[%clk
00:02:13]} {[%emt 00:00:51]} Rc2 {[%clk 00:01:19]} {[%emt 00:00:53]} 54. Nxa3
{[%clk 00:01:31]} {[%emt 00:01:12]} Rxe2 {[%clk 00:01:47]} {[%emt 00:00:02]} 55.
Nb5 {[%clk 00:01:33]} {[%emt 00:00:29]} Rxh2 {[%clk 00:01:27]} {[%emt
00:00:49]} 56. Ke5 {[%clk 00:01:33]} {[%emt 00:00:30]} Rg2 {[%clk 00:01:30]}
{[%emt 00:00:27]} 57. Ra4 {[%clk 00:01:00]} {[%emt 00:01:03]} Bf8 {[%clk
00:00:53]} {[%emt 00:01:07]} 58. Rg4+ {[%clk 00:01:09]} {[%emt 00:00:21]} Kf7
{[%clk 00:01:19]} {[%emt 00:00:05]} 59. Kxd5 {[%clk 00:01:17]} {[%emt
00:00:22]} Rd2+ {[%clk 00:01:38]} {[%emt 00:00:10]} 60. Nd4 {[%clk 00:01:37]}
{[%emt 00:00:09]} Bg7 {[%clk 00:01:47]} {[%emt 00:00:22]} 61. Re4 {[%clk
00:01:45]} {[%emt 00:00:23]} h5 {[%clk 00:01:31]} {[%emt 00:00:46]} 62. Kc4
{[%clk 00:02:10]} {[%emt 00:00:04]} Bxd4 {[%clk 00:01:45]} {[%emt 00:00:16]} 63.
Rxd4 {[%clk 00:02:36]} {[%emt 00:00:04]} Rf2 {[%clk 00:01:55]} {[%emt
00:00:20]} 64. Kd3 {[%clk 00:00:39]} {[%emt 00:02:27]} Rxf5 {[%clk 00:02:02]}
{[%emt 00:00:23]}  1/2-1/2